000 00396 a2200157 4500
005 20250628142253.0
020 _a0-618-38163-5
082 _a657.004 MCQ
100 _aMcQUAG, D.J.
245 _aCollege of Accounting
250 _a8th Ed.
260 _aNew York
_bHoughton Mifflin Company
_c2005
300 _axxii; 328Pages
_bPicture; Tables
_c24cm
700 _aBILLE, P.A.
942 _2ddc
_cBKS
999 _c6052
_d6052